| 000 | 01278nam a22002417a 4500 | ||
|---|---|---|---|
| 999 |
_c63552 _d63552 |
||
| 003 | Ge_BSU | ||
| 005 | 20251028161408.0 | ||
| 008 | 251028b xxu||||| |||| 00| 0 geo d | ||
| 020 | _a9992833408 | ||
| 041 | _ageo | ||
| 080 | _a338(479.22) : 005.591.6 ა-18 | ||
| 100 |
_aაბრალავა, ანზორ _926123 |
||
| 245 |
_aგზა მაღალტექნოლოგიური ეკონომიკისაკენ : _bორგ.-ეკონ. ურთიერთობათა განვითარება ინოვაციურ სფეროში / _cანზორ აბრალავა; [რედ.: გიორგი მალაშხია]. |
||
| 264 |
_aთბ. : _bთბილ. უნ-ტის გამ-ბა, _c2001. |
||
| 300 |
_a292 გვ. ; _b20 სმ. |
||
| 504 | _aბიბლიოგრ.: გვ. 274-287. | ||
| 520 | _aრეზ. რუს. ენ. | ||
| 653 | _aსაქართველოს ეკონომიკა | ||
| 653 | _aეკონომიკის მართვა. | ||
| 653 | _aინოვაციური პროცესები | ||
| 700 |
_aმალაშხია, გიორგი _eრედაქტორი _97239 |
||
| 942 |
_2udc _cᲬᲘᲒᲜᲘ |
||